Statistiques concernant Quel est ce Pokémon ? par image #13

Cliquez ici pour prendre le quiz!

Statistiques générales

  • Ce quiz a été pris 30 fois
  • Le résultat moyen est 11 sur 16

Statistiques - réponses

Réponse% Correct
Hyporoi
93%
Motisma
93%
Palkia
93%
Férosinge
89%
Galopa
89%
Ratentif
75%
Crikzik
68%
Plumeline Flamenco
68%
Tritosor mer Orient
64%
Dragmara
61%
Quartermac
54%
Taupikeau
54%
Gorythmic
46%
Carmadura
39%
Fantyrm
39%
Selutin
39%

Distribution des résultats

Percentile par nombre de réponses

% des personnes avec chaque résultat

Votre développement - résultats

Vous n’avez pas pris ce quiz